| 000 | 00730cam a22002055a 4500 | ||
|---|---|---|---|
| 001 | L149673 | ||
| 008 | 100407s2010 xxk f 000 0 eng d | ||
| 035 | _a(Sirsi) u149673 | ||
| 041 | 0 | _aeng | |
| 100 | 1 | _aMcAllister, Isabel | |
| 245 | 0 | 0 |
_aSustainability _brenewable energy |
| 260 | _c2010 | ||
| 490 | 0 |
_aBuilding _v275 (8622, 12) 26 March 2010, 56-59(4) |
|
| 520 | _aFinancial incentives from the government are encouraging investment; capital and installation costs have been reduced; FITs (feed-in-tariffs); funding; wind and photovoltaic tariffs; calculation methods; return on investments. | ||
| 590 | _aKA | ||
| 651 | 4 | _aENGLAND AND WALES | |
| 690 | _aBUILT ENVIRONMENT | ||
| 700 | 1 | _aMactavish, Adam | |
| 942 | _n0 | ||
| 999 |
_c82246 _d82246 |
||